[Event "ICS Rated blitz match"]
[Site "207.99.83.227"]
[Date "1999.05.18"]
[Round "?"]
[White "Hossa"]
[Black "Quaestor"]
[Result "0-1"]
[WhiteElo "2380"]
[BlackElo "2665"]
[Annotator "Crafty v16.6"]
[PlyCount "35"]

{annotating for player ossa using a scoring margin of +0.20 pawns. search time
limit is 10.00} 1. e4 1... e5 2. f4 exf4 3. Nf3 g5 4. h4 g4 5. Ne5 Nf6 6. Bc4
d5 7. exd5 Bd6 8. Bb5+ ({7:-0.40} 8. Bb5+ 8... Bd7 9. Nxd7 Nbxd7 10. Qe2+ Qe7
11. Qxe7+ Bxe7 12. Nc3 O-O-O 13. Rf1 13... Ne5 $15) ({7:+0.46} 8. d4 8... Nxd5
9. Bxd5 Bb4+ 10. c3 Qxd5 11. cxb4 11... Qxg2 $14) 8... Kf8 9. d4 Nxd5 10. Bc4
Be6 11. O-O ({8:-2.19} 11. O-O 11... Qxh4 12. Bxd5 Bxd5 13. Rxf4 Be6 14. Re4
Bxe5 15. Rxe5 15... Kg7 $19) ({8:-0.37} 11. Bxd5 11... Bxd5 12. Qxg4 Rg8 13.
Qf5 Bxe5 14. dxe5 Bxg2 15. Rh2 Qd4 16. Qxf4 $15) 11... Qxh4 12. Bxd5 Bxd5 13.
Bxf4 ({7:-2.81} 13. Bxf4 13... g3 14. Ng4 h5 15. Be5 Bxe5 16. dxe5 Bxg2 17.
Kxg2 17... hxg4 $19) ({7:-1.13} 13. Rxf4 13... Be6 14. Re4 Kg7 15. Bf4 Bf5 16.
Re3 $17) 13... g3 14. Ng4 ({8:-5.35} 14. Ng4 14... h5 15. Bg5 Qxg5 16. Nf6 Qe3+
17. Kh1 Bc4 18. Re1 $19) ({8:-4.52} 14. Bxg3 14... Qxg3 15. Rf2 Nc6 16. Nc3
Bxe5 17. dxe5 Be6 18. Nd5 18... Qxe5 $19) 14... h5 15. Bg5 Qxg5 16. Ne5 ({
7:-8.93} 16. Ne5 16... Bxe5 17. dxe5 Qh4 18. Rxf7+ Bxf7 19. Qf3 Qd4+ 20. Kh1
20... Qxb2 $19) ({7:-8.24} 16. Nf2 16... gxf2+ 17. Rxf2 Qh4 18. Qd3 Qh2+ 19.
Kf1 Qh1+ 20. Ke2 Bxg2 21. Kd2 21... Rh6 $19) 16... Bxe5 17. dxe5 Qe3+ 18. Kh1
0-1

[Event "ICS Rated blitz match"]
[Site "207.99.83.227"]
[Date "1999.05.18"]
[Round "?"]
[White "rajah"]
[Black "Hossa"]
[Result "1-0"]
[WhiteElo "2500"]
[BlackElo "2375"]
[PlyCount "225"]

1. d4 Nf6 2. c4 Nc6 3. d5 Ne5 4. e4 e6 5. Nf3 Nxf3+ 6. Qxf3 exd5 7. exd5 Bd6 8.
Be2 O-O 9. Nc3 Be5 10. O-O Re8 11. Bg5 c6 12. Rfe1 cxd5 13. cxd5 Qb6 14. Bxf6
Qxf6 15. Qxf6 Bxf6 16. d6 Be5 17. Bc4 b5 18. Nxb5 Ba6 19. Nc7 Bxc4 20. Nxa8 f6
21. Rac1 Bf7 22. Nc7 Rd8 23. Red1 Bxa2 24. Ra1 Bb3 25. Rd3 Rb8 26. Rxa7 Bc2 27.
Rd2 Rxb2 28. g3 Kf7 29. h4 Bc3 30. Re2 Be5 31. Nd5 Rb1+ 32. Kh2 Bf5 33. f4 Bxd6
34. Kg2 Rd1 35. Nc3 Rd3 36. Ne4 Bg4 37. Nxd6+ Rxd6 38. Rc2 Rd4 39. Kf2 Bf5 40.
Rc5 g6 41. Rc3 Ke7 42. Ke2 Bg4+ 43. Ke3 Rd1 44. Rb3 h6 45. Rd3 Rxd3+ 46. Kxd3
g5 47. hxg5 hxg5 48. fxg5 fxg5 49. Ke4 Bh3 50. Ke5 Kf7 51. Ra4 Be6 52. Kd6 g4
53. Ke5 Kg7 54. Ra7 Kg6 55. Rb7 Kf7 56. Kd6 Kf6 57. Rb8 Kf5 58. Rb4 Kg5 59.
Rb5+ Kg6 60. Ke5 Kg7 61. Rc5 Kf7 62. Rc7 Ke7 63. Ra7 Bb3 64. Rb7 Bd1 65. Rc7
Be2 66. Ra7 Bb5 67. Ra2 Bc4 68. Rd2 Bb3 69. Rd6 Bf7 70. Rh6 Bc4 71. Rh7+ Ke8
72. Kd6 Be6 73. Rg7 Bf5 74. Re7+ Kf8 75. Re5 Be6 76. Rg5 Kf7 77. Ke5 Ke7 78.
Rg7+ Kf8 79. Rh7 Ke8 80. Kf6 Kd8 81. Rh8+ Kc7 82. Ke7 Bc4 83. Rh4 Be2 84. Rh5
Kc6 85. Rh6+ Kd5 86. Kxd7 Bf3 87. Rh5+ Ke4 88. Kd6 Be2 89. Ra5 Kf3 90. Ra3+ Ke4
91. Ke6 Bc4+ 92. Kf6 Bb5 93. Kg5 Bd7 94. Ra7 Bc8 95. Rc7 Ba6 96. Kxg4 Ke5 97.
Re7+ Kd6 98. Ra7 Bd3 99. Kf4 Ke6 100. g4 Kd6 101. g5 Ke6 102. Rg7 Bc2 103. Ke3
Kf5 104. Rc7 Bb1 105. Rc1 Ba2 106. Rc5+ Ke6 107. Rc6+ Kd7 108. Rb6 Kc7 109. Rf6
Kd7 110. g6 Ke7 111. Rf2 Bb3 112. Kd4 Be6 113. g7 {Hossa resigns} 1-0

[Event "ICS Rated blitz match"]
[Site "207.99.83.227"]
[Date "1999.05.18"]
[Round "?"]
[White "Hossa"]
[Black "Utah"]
[Result "1-0"]
[WhiteElo "2365"]
[BlackElo "2081"]
[PlyCount "37"]

1. e4 c5 2. Nf3 d6 3. d4 cxd4 4. Nxd4 Nf6 5. Bd3 g6 6. Bg5 Bg7 7. Nc3 O-O 8.
O-O Nc6 9. Be2 Bd7 10. Qd3 Rc8 11. Rad1 Nb4 12. Qe3 Rxc3 13. bxc3 Nc6 14. f4
Ng4 15. Qg3 Qb6 16. Bxg4 Nxd4 17. cxd4 Bxg4 18. Qxg4 Bxd4+ 19. Kh1 {
Utah resigns} 1-0

[Event "ICS Rated blitz match"]
[Site "207.99.83.227"]
[Date "1999.05.18"]
[Round "?"]
[White "Quaestor"]
[Black "Hossa"]
[Result "1-0"]
[WhiteElo "2670"]
[BlackElo "2370"]
[PlyCount "105"]

1. d4 g6 2. Nc3 d5 3. e4 dxe4 4. Nxe4 Bg7 5. Nf3 Bg4 6. Bc4 Nf6 7. Neg5 e6 8.
h3 Bf5 9. g4 Be4 10. Nxe4 Nxe4 11. Qe2 Nd6 12. Bf4 Nxc4 13. Qxc4 Nc6 14. g5 Qe7
15. O-O-O O-O-O 16. c3 h6 17. h4 Rd5 18. Rhe1 hxg5 19. hxg5 Qd7 20. Re3 Na5 21.
Qe2 Qa4 22. Kb1 Nc4 23. b3 Rb5 24. Red3 Qa5 25. Bc1 Rb6 26. Bb2 Nxb2 27. Qxb2
Rd6 28. Qd2 Qf5 29. a3 Rh3 30. Qe2 Qa5 31. Kb2 Ra6 32. Ra1 Rc6 33. Re3 Rd6 34.
Nd2 Qf5 35. Rxh3 Qxh3 36. Re1 Rd8 37. f4 Rh8 38. Rf1 Qh2 39. Rf2 Qg1 40. Nf3
Qg3 41. Qe3 Rh4 42. d5 Kb8 43. dxe6 fxe6 44. Rd2 Rh8 45. Rd7 Rg8 46. Qd2 Kc8
47. Re7 Rd8 48. Qe2 Bxc3+ 49. Kxc3 Qxf4 50. Kb2 Qf8 51. Qxe6+ Kb8 52. Qf6 Qh8
53. Qxh8 {Hossa resigns} 1-0

[Event "ICS Rated blitz match"]
[Site "207.99.83.227"]
[Date "1999.05.18"]
[Round "?"]
[White "Hossa"]
[Black "Quaestor"]
[Result "0-1"]
[WhiteElo "2365"]
[BlackElo "2675"]
[PlyCount "50"]

1. e4 e5 2. f4 d5 3. exd5 e4 4. Nc3 Nf6 5. Bb5+ c6 6. dxc6 bxc6 7. Ba4 Bb4 8.
Nge2 O-O 9. O-O Bg4 10. Kh1 Qa5 11. Bb3 Nbd7 12. a3 Rae8 13. Qe1 Bd6 14. h3 Qh5
15. Ng3 Qh6 16. Kg1 Bxh3 17. Nd1 Bg4 18. Ne2 Bxe2 19. Qxe2 Bxf4 20. Rxf4 Qxf4
21. Qf2 Qh6 22. Qxa7 Ng4 23. Qxd7 Qh2+ 24. Kf1 Qh1+ 25. Ke2 25... Qxg2+ {
Hossa resigns} 0-1

[Event "ICS Rated blitz match"]
[Site "207.99.83.227"]
[Date "1999.05.18"]
[Round "?"]
[White "Hossa"]
[Black "rajah"]
[Result "1/2-1/2"]
[WhiteElo "2354"]
[BlackElo "2510"]
[PlyCount "211"]

1. g3 c5 2. Nf3 d5 3. Bg2 Nc6 4. d4 e6 5. O-O cxd4 6. Nxd4 Bd7 7. Nc3 Nf6 8. e4
dxe4 9. Be3 e5 10. Nxc6 Bxc6 11. Qxd8+ Rxd8 12. Bg5 Rd4 13. Rfd1 Rc4 14. Bf1
Rb4 15. Rab1 a6 16. Be3 Ng4 17. Ba7 e3 18. fxe3 Bf3 19. Rd3 Nf6 20. Rd2 Be7 21.
Rf2 Nd5 22. Nxd5 Bxd5 23. a3 Ra4 24. Rd1 Bc6 25. c4 O-O 26. Bb6 h5 27. Rf5 g6
28. Rf2 h4 29. Bd3 e4 30. Be2 hxg3 31. hxg3 Rc8 32. Rdf1 Be8 33. Rf4 f5 34.
R4f2 Rc6 35. Bd4 Bf7 36. g4 Bf6 37. Bxf6 Rxf6 38. gxf5 Bxc4 39. Bxc4+ Rxc4 40.
Rg2 Kg7 41. Rf4 Kh6 42. fxg6 Rxg6 43. b3 Rxg2+ 44. Kxg2 Rc3 45. Rxe4 Rxb3 46.
a4 Kg5 47. a5 Ra3 48. Re7 Rxa5 49. Rxb7 Rb5 50. Ra7 a5 51. Kf3 Rf5+ 52. Kg3 Rd5
53. e4 Rd3+ 54. Kg2 Kf4 55. Rxa5 Kxe4 56. Kf2 Rf3+ 57. Ke2 Re3+ 58. Kf2 Rh3 59.
Rc5 Rh2+ 60. Kg3 Rh1 61. Kf2 Ra1 62. Rg5 Kf4 63. Rg2 Rc1 64. Rg1 Rc2+ 65. Ke1
Rb2 66. Rg6 Rh2 67. Kd1 Ke4 68. Re6+ Kd3 69. Re5 Rd2+ 70. Ke1 Rb2 71. Kf1 Rc2
72. Kg1 Kd4 73. Re1 Ra2 74. Kf1 Rd2 75. Kg1 Kd3 76. Rc1 Ke4 77. Re1+ Kf3 78.
Re5 Kf4 79. Re1 Kg3 80. Rf1 Rg2+ 81. Kh1 Rh2+ 82. Kg1 Re2 83. Rf5 Rc2 84. Rg5+
Kf3 85. Re5 Rc1+ 86. Kh2 Rd1 87. Rf5+ Ke4 88. Rf2 Rd3 89. Kg2 Re3 90. Rf1 Kd5
91. Rd1+ Ke5 92. Rf1 Rd3 93. Re1+ Kd5 94. Rc1 Kd4 95. Re1 Rc3 96. Rd1+ Ke4 97.
Re1+ Kf4 98. Rg1 Rc2+ 99. Kh3 Rf2 100. Rg4+ Ke5 101. Kg3 Rf5 102. Rc4 Rf1 103.
Rg4 Kd5 104. Rf4 Rc1 105. Rf3 Re1 106. Rd3+ {Game drawn by the 50 move rule}
1/2-1/2

[Event "ICS rated blitz match"]
[Site "207.99.83.227"]
[Date "1999.05.18"]
[Round "?"]
[White "Hossa"]
[Black "SvenTugev"]
[Result "1-0"]
[WhiteElo "2358"]
[BlackElo "2285"]
[PlyCount "111"]

1. g3 c6 2. Nf3 d5 3. Bg2 g6 4. O-O Bg7 5. Nc3 Nf6 6. d3 O-O 7. e4 Bg4 8. Bg5
Nbd7 9. Qd2 Re8 10. Bh6 Bh8 11. Qg5 Bxf3 12. Bxf3 d4 13. Ne2 c5 14. e5 Nxe5 15.
Qxe5 Ng4 16. Qg5 Nxh6 17. Qxh6 Rb8 18. Bg2 b5 19. Rae1 c4 20. dxc4 bxc4 21. b3
d3 22. cxd3 cxd3 23. Nf4 d2 24. Rd1 Bc3 25. Nd5 Ba5 26. b4 Bxb4 27. Nxb4 Rxb4
28. Rxd2 Qa5 29. Re2 e6 30. Rc2 Reb8 31. Qd2 Qf5 32. Rc7 a5 33. Qe3 Rb2 34. Rc5
Qg4 35. Rxa5 Re2 36. Bf3 Rxe3 37. Bxg4 Re4 38. Bf3 Rd4 39. Kg2 f5 40. Re1 Kf7
41. Ra7+ Kf6 42. Rxh7 Rd2 43. Re2 Rxe2 44. Bxe2 Rb2 45. Bc4 Rc2 46. Rc7 Ke5 47.
Rc8 g5 48. h4 gxh4 49. gxh4 Rb2 50. Rc6 Rb7 51. Rxe6+ Kf4 52. Re3 Rh7 53. Rf3+
Ke4 54. Bd3+ Kd4 55. Kh3 f4 56. Bxh7 {SvenTugev resigns} 1-0

[Event "ICS Rated standard match"]
[Site "207.99.83.227"]
[Date "1999.05.18"]
[Round "?"]
[White "rajah"]
[Black "Hossa"]
[Result "1-0"]
[WhiteElo "2268"]
[BlackElo "2279"]
[PlyCount "62"]

1. e4 g5 2. Nf3 g4 3. Ne5 Nf6 4. Bc4 e6 5. O-O Rg8 6. Nc3 d6 7. Nd3 Nc6 8. Nf4
Bg7 9. d4 e5 10. dxe5 Nxe5 11. Qe2 c6 12. Be3 g3 13. hxg3 Nfg4 14. Bb3 Nxe3 15.
Qxe3 Qg5 16. Rfd1 Ng4 17. Qf3 Be5 18. Nd3 Rg7 19. Nxe5 dxe5 20. Rd6 Qh5 21.
Rad1 Ke7 22. a3 f5 23. Rd8 b6 24. Qd3 Qh2+ 25. Kf1 Kf6 26. exf5 Kg5 27. Ne4+
Kh5 28. f6 Ba6 29. Qxa6 Qh1+ 30. Ke2 Qxg2 31. Qc4 31... Nh2 {Hossa resigns} 1-0

[Event "ICS rated blitz match"]
[Site "207.99.83.227"]
[Date "1999.05.18"]
[Round "?"]
[White "Hossa"]
[Black "Quaestor"]
[Result "0-1"]
[WhiteElo "2375"]
[BlackElo "2692"]
[PlyCount "121"]

1. c4 e6 2. Nf3 Nf6 3. Nc3 Bb4 4. a3 Bxc3 5. dxc3 Nc6 6. Bg5 h6 7. Bh4 g5 8.
Bg3 d6 9. e3 e5 10. Qb3 Rb8 11. Be2 Bg4 12. O-O-O e4 13. Ng1 Bxe2 14. Nxe2 Nd7
15. Qc2 Nc5 16. Kb1 f5 17. Nd4 O-O 18. f4 Qe7 19. Qe2 Nd3 20. fxg5 hxg5 21. Qh5
Nxd4 22. cxd4 b5 23. c5 Qf6 24. h4 g4 25. cxd6 cxd6 26. Rdf1 b4 27. a4 b3 28.
Bf4 Rbc8 29. Bh6 Rf7 30. Bg5 Qe6 31. d5 Qxd5 32. Qg6+ Rg7 33. Qh6 Qc4 34. Bf6
Qc2+ 35. Ka1 Rcc7 36. Bxg7 Rxg7 37. Qe6+ Rf7 38. Rb1 Qxg2 39. Qg6+ Kf8 40.
Qxd6+ Kg8 41. Qb8+ Kg7 42. Qxb3 Qg3 43. h5 Rc7 44. Qe6 Qe5 45. Qxe5+ Nxe5 46.
Rbf1 Nf3 47. Rd1 Kh7 48. Rd6 Rg7 49. h6 Rc7 50. Rdd1 g3 51. Rdg1 Nxg1 52. Rxg1
f4 53. exf4 e3 54. b4 e2 55. Ka2 Rd7 56. Re1 g2 57. Kb3 Rd1 58. Rxe2 g1=Q 59.
Re7+ Kxh6 60. Kc2 Qd4 61. Re6+ {Hossa resigns} 0-1

[Event "ICS rated standard match"]
[Site "207.99.83.227"]
[Date "1999.05.18"]
[Round "?"]
[White "Hossa"]
[Black "Quaestor"]
[Result "0-1"]
[WhiteElo "2262"]
[BlackElo "2536"]
[PlyCount "196"]

1. c4 c5 2. e4 Nc6 3. Nc3 g6 4. Be2 Bg7 5. Nf3 Qa5 6. O-O d6 7. a4 h6 8. Nd5 e6
9. Nc3 Bd7 10. Nb5 Ke7 11. Ra3 Nf6 12. d3 Ne8 13. Bd2 Nb4 14. Qb3 a6 15. Nbd4
Qb6 16. Nc2 a5 17. Bc3 Bc6 18. Raa1 Nd5 19. Qxb6 Nxb6 20. Bxg7 Nxg7 21. b3 Nh5
22. Rfe1 Rae8 23. Nd2 Nf4 24. d4 cxd4 25. Nxd4 f6 26. Bf1 Kf7 27. g3 Nh5 28.
Rad1 Ng7 29. Bg2 Rc8 30. Nf1 Rhd8 31. Rd2 e5 32. Nb5 Bxb5 33. cxb5 Ne6 34. Rd3
Nd4 35. Nd2 Rc2 36. Nf3 Ne2+ 37. Kh1 Nc1 38. Rd2 Rc3 39. Red1 d5 40. exd5 Nxb3
41. Re2 Nxa4 42. Ra2 Nac5 43. Ne1 Rd6 44. Kg1 b6 45. Nc2 e4 46. Ne3 Nc1 47. Ra1
N1d3 48. Rf1 Kg7 49. f3 Ne5 50. Rae1 exf3 51. Bxf3 Rb3 52. Bg2 Rxb5 53. h4 Rb2
54. Rb1 Re2 55. Nd1 Ne4 56. Bxe4 Rxe4 57. Rb5 Rd4 58. Ne3 Rd3 59. Kf2 Rd2+ 60.
Kg1 Kf8 61. Rf4 h5 62. Kf1 Kf7 63. Rf2 Rxf2+ 64. Kxf2 Kg7 65. Kg2 Kf8 66. Nc2
Ke8 67. Nd4 Nc4 68. Nc2 Rd7 69. Kf3 Rb7 70. Nd4 Nd6 71. Rb3 a4 72. Re3+ Kf7 73.
Nc6 Rd7 74. Nb8 Re7 75. Rd3 b5 76. Nc6 Re1 77. Nd8+ Kg8 78. Nc6 Rb1 79. Kf2
Rb2+ 80. Kf3 Kf8 81. Kf4 Rb1 82. Nd4 b4 83. Ne6+ Ke7 84. Nd4 b3 85. Nc6+ Kf7
86. Rf3 a3 87. Nd8+ Ke8 88. Nc6 a2 89. Re3+ Kf8 90. Nd8 Rf1+ 91. Rf3 Rxf3+ 92.
Kxf3 b2 93. Ne6+ Ke7 94. Nd4 a1=Q 95. Nc6+ Ke8 96. Nd8 b1=Q 97. Nf7 Qf1+ 98.
Ke3 98... Qc3# {Hossa checkmated} 0-1

[Event "ICS rated blitz match"]
[Site "207.99.83.227"]
[Date "1999.05.18"]
[Round "?"]
[White "tryharder"]
[Black "Hossa"]
[Result "1/2-1/2"]
[WhiteElo "2449"]
[BlackElo "2371"]
[PlyCount "168"]

1. d4 Nf6 2. c4 g6 3. Nc3 Bg7 4. e4 d6 5. Be2 O-O 6. Bg5 Nc6 7. d5 Ne5 8. Nf3
Nxf3+ 9. Bxf3 h6 10. Be3 e6 11. O-O Re8 12. Qd2 g5 13. Rac1 Bd7 14. Qd3 exd5
15. cxd5 Qe7 16. Nb5 Bxb5 17. Qxb5 g4 18. Be2 Qxe4 19. Rfd1 a6 20. Qb3 Qe7 21.
Qxb7 Rab8 22. Qxa6 Rxb2 23. Bb5 Rb8 24. a4 Qe4 25. Rxc7 Nxd5 26. Rc8+ Bf8 27.
Rxb8 Nxe3 28. Rxf8+ Kxf8 29. Qc8+ Kg7 30. Qc3+ Kg8 31. Qxe3 Qg6 32. Qc1 Rb3 33.
Bd7 h5 34. Qc8+ Kg7 35. Bf5 Qf6 36. Be4 Ra3 37. Qc4 Ra1 38. Bb1 Qe5 39. Qb4 d5
40. Kf1 d4 41. Re1 Qf6 42. Kg1 Qd8 43. Qb2 Rxb1 44. Rxb1 f6 45. Qb8 Qxb8 46.
Rxb8 f5 47. a5 g3 48. a6 gxh2+ 49. Kxh2 f4 50. a7 f3 51. a8=Q fxg2 52. Qxg2+
Kf6 53. Rb6+ Ke5 54. Qg5+ Ke4 55. Qxh5 d3 56. Qh4+ Ke5 57. Rb5+ Kd6 58. Qh6+
Kc7 59. Qc6+ Kxc6 60. Rb3 Kd5 61. Rxd3+ Ke5 62. Ra3 Kf4 63. f3 Ke5 64. Kg3 Kd6
65. Re3 Kc6 66. f4 Kd5 67. f5 Kc5 68. f6 Kd5 69. f7 Kd4 70. f8=Q Kxe3 71. Qf3+
Kd4 72. Kf4 Kc5 73. Qe4 Kd6 74. Kf5 Kc5 75. Qe5+ Kc4 76. Ke4 Kb3 77. Qd4 Kc2
78. Qd3+ Kc1 79. Ke3 Kb2 80. Ke2 Kc1 81. Qd2+ Kb1 82. Qd1+ Ka2 83. Qd2+ Kb1 84.
Qd3+ 84... Kc1 {tryharder ran out of time and Hossa has no material to mate}
1/2-1/2

[Event "ICS rated blitz match"]
[Site "207.99.83.227"]
[Date "1999.05.18"]
[Round "?"]
[White "knightmare51"]
[Black "Hossa"]
[Result "0-1"]
[WhiteElo "2186"]
[BlackElo "2395"]
[PlyCount "84"]

1. d4 d5 2. Nf3 Nf6 3. e3 e6 4. Bd3 Be7 5. O-O Bd7 6. b3 O-O 7. Bb2 c5 8. Ne5
cxd4 9. exd4 Nc6 10. Nd2 Nb4 11. Be2 Rc8 12. c3 Nc6 13. f4 Ne4 14. Nxe4 dxe4
15. c4 f6 16. Ng4 Qe8 17. Ne3 Kh8 18. a3 Qg6 19. b4 a6 20. Qb3 Rfe8 21. Rad1
Bd6 22. c5 Bb8 23. Bc4 Rcd8 24. d5 exd5 25. Bxd5 Qh6 26. g3 Qh3 27. Rf2 Be6 28.
Bxe6 Rxd1+ 29. Nxd1 Rxe6 30. Ne3 a5 31. Qd5 axb4 32. axb4 Re8 33. b5 Nd8 34.
Bd4 Qe6 35. Qxe6 Nxe6 36. Nc2 Ba7 37. b6 Bb8 38. f5 Ng5 39. Re2 Be5 40. h4 Nf3+
41. Kg2 Nxd4 42. Rxe4 42... Nxc2 {knightmare51 resigns} 0-1

[Event "ICS rated blitz match"]
[Site "207.99.83.227"]
[Date "1999.05.19"]
[Round "?"]
[White "Hossa"]
[Black "AARDWOLF"]
[Result "1-0"]
[WhiteElo "2402"]
[BlackElo "2032"]
[PlyCount "51"]

1. g3 Nf6 2. Bg2 g6 3. e4 d6 4. Ne2 Bg7 5. O-O O-O 6. Nbc3 c5 7. d3 Nc6 8. Be3
Bg4 9. Qd2 Qd7 10. Bh6 a6 11. Bxg7 Kxg7 12. Nf4 Nd4 13. f3 Be6 14. Rac1 b5 15.
Nxe6+ fxe6 16. e5 Nd5 17. Nxd5 exd5 18. f4 e6 19. c3 Nf5 20. c4 dxe5 21. cxd5
exd5 22. fxe5 Rac8 23. Rce1 Nd4 24. Qg5 Qe6 25. Rf6 Rxf6 26. exf6+ {
AARDWOLF resigns} 1-0

[Event "ICS rated blitz match"]
[Site "207.99.83.227"]
[Date "1999.05.19"]
[Round "?"]
[White "Hossa"]
[Black "attakinski"]
[Result "0-1"]
[WhiteElo "2405"]
[BlackElo "2808"]
[PlyCount "93"]

1. g3 d5 2. Nf3 Nf6 3. Bg2 c6 4. d3 Bg4 5. Ne5 Bh5 6. O-O Nbd7 7. Bf4 Nxe5 8.
Bxe5 e6 9. Nd2 Bd6 10. Bxd6 Qxd6 11. c4 O-O 12. a4 Rad8 13. Re1 Rfe8 14. Rc1
Qb4 15. Qc2 e5 16. Qc3 Qe7 17. Qa5 e4 18. dxe4 b6 19. Qc3 dxe4 20. Rcd1 c5 21.
Qb3 Rd6 22. Nf1 Rxd1 23. Qxd1 Rd8 24. Qc2 Rd4 25. Rd1 Bg6 26. Ne3 Qe6 27. Qb3
Qd6 28. Nd5 Nxd5 29. Rxd4 cxd4 30. cxd5 Qc5 31. Bf1 Bf5 32. h3 h5 33. Bg2 d3
34. exd3 Qc1+ 35. Kh2 exd3 36. d6 d2 37. Bf3 Qf1 38. d7 Qxf2+ 39. Bg2 Bxd7 40.
Qf3 Qxf3 41. Bxf3 Bxa4 42. Bxh5 f5 43. Kg2 d1=Q 44. Bxd1 Bxd1 45. Kf2 Kf7 46.
h4 Ke6 47. Ke3 {Hossa resigns} 0-1

[Event "ICS rated blitz match"]
[Site "207.99.83.227"]
[Date "1999.05.19"]
[Round "?"]
[White "Hossa"]
[Black "knightmare51"]
[Result "1-0"]
[WhiteElo "2421"]
[BlackElo "2177"]
[PlyCount "49"]

1. d4 e6 2. e4 d5 3. Nd2 Nf6 4. e5 Ne4 5. Ngf3 c5 6. Bd3 Nc6 7. Nxe4 dxe4 8.
Bxe4 Nxd4 9. c3 Nxf3+ 10. Qxf3 Qc7 11. Bf4 Rb8 12. O-O-O Be7 13. Qg3 g6 14. Bh6
Bf8 15. Bxf8 Kxf8 16. Qg5 Bd7 17. Qf6 Rg8 18. Rd6 Re8 19. h4 h5 20. Kb1 b6 21.
c4 Qd8 22. Rhd1 Qxf6 23. exf6 Bc8 24. Rd8 g5 25. Bc6 {knightmare51 resigns} 1-0

[Event "ICS rated blitz match"]
[Site "207.99.83.227"]
[Date "1999.05.19"]
[Round "?"]
[White "Proteus"]
[Black "Hossa"]
[Result "0-1"]
[WhiteElo "2161"]
[BlackElo "2427"]
[PlyCount "38"]

1. d4 d5 2. c4 dxc4 3. Nf3 f5 4. e3 b5 5. a4 c6 6. b3 cxb3 7. axb5 Be6 8. Ne5
Nf6 9. bxc6 Qb6 10. Bb2 Bd5 11. Nd2 Nxc6 12. Ra6 Qb7 13. Nxc6 Bxc6 14. f3 Rb8
15. Bd3 Nd5 16. Qe2 f4 17. e4 Nb4 18. d5 Nxd3+ 19. Qxd3 19... Bb5 {
Proteus resigns} 0-1

[Event "ICS rated blitz match"]
[Site "207.99.83.227"]
[Date "1999.05.19"]
[Round "?"]
[White "Hossa"]
[Black "stranger"]
[Result "1-0"]
[WhiteElo "2436"]
[BlackElo "2039"]
[PlyCount "29"]

1. e4 e5 2. d4 exd4 3. c3 dxc3 4. Bc4 d6 5. Nxc3 Nf6 6. Qb3 Qe7 7. Be3 Nc6 8.
Nf3 g6 9. Ng5 Ne5 10. O-O Nxc4 11. Qxc4 Bg7 12. Nb5 c6 13. Nxd6+ Kf8 14. Nxc8
Rxc8 15. Bc5 {stranger resigns} 1-0

[Event "ICS rated blitz match"]
[Site "207.99.83.227"]
[Date "1999.05.19"]
[Round "?"]
[White "Hossa"]
[Black "ahmatti"]
[Result "1-0"]
[WhiteElo "2439"]
[BlackElo "2425"]
[PlyCount "97"]

1. d4 Nf6 2. e3 g6 3. Bd3 Bg7 4. c3 b6 5. Nf3 Bb7 6. O-O O-O 7. c4 d6 8. Nc3
Nbd7 9. e4 c6 10. Bg5 e5 11. d5 c5 12. Qd2 a6 13. Rae1 Qc7 14. Bh6 Ng4 15. Bxg7
Kxg7 16. Qg5 Nh6 17. Re2 f6 18. Qh4 Rf7 19. Qh3 Raf8 20. Qe6 Bc8 21. Qh3 Bb7
22. Bc2 Bc8 23. a3 Ng8 24. Ba4 h6 25. Qg3 g5 26. Ree1 Ne7 27. Qh3 Ng6 28. Re3
Rh8 29. Ne2 h5 30. Ng3 Ndf8 31. Nf5+ Bxf5 32. exf5 Nf4 33. Qg3 Nh7 34. Rd1 g4
35. h3 Kf8 36. hxg4 Rg7 37. Nh2 Rhg8 38. f3 Ng5 39. Kh1 h4 40. Qe1 Ke7 41. Qxh4
Rh7 42. Qg3 Rgh8 43. Qxf4 Kf7 44. Qg3 Rh6 45. f4 exf4 46. Qxf4 Kf8 47. Re8+ Kf7
48. Rxh8 Rxh8 49. Re1 {ahmatti resigns} 1-0

[Event "ICS rated blitz match"]
[Site "207.99.83.227"]
[Date "1999.05.19"]
[Round "?"]
[White "ChessTatour"]
[Black "Hossa"]
[Result "0-1"]
[WhiteElo "2094"]
[BlackElo "2454"]
[PlyCount "64"]

1. c4 g6 2. Nc3 c5 3. e4 Bg7 4. d3 Nc6 5. f4 Nh6 6. Nf3 O-O 7. Be2 d6 8. O-O f5
9. Kh1 fxe4 10. dxe4 Nf7 11. Be3 Qa5 12. Qd2 Be6 13. Rab1 Rad8 14. Ng5 Nxg5 15.
fxg5 Qb4 16. Nd5 Qxd2 17. Bxd2 Bd4 18. b3 Rc8 19. Rxf8+ Rxf8 20. Rf1 Rxf1+ 21.
Bxf1 Kf7 22. Be2 Ne5 23. h3 Bd7 24. Ne3 Bc6 25. Bf3 Nd3 26. Kg1 Ke6 27. Kf1
Bxe3 28. Bxe3 Ke5 29. Ke2 Bxe4 30. Bxe4 Kxe4 31. g4 Nf4+ 32. Bxf4 32... Kxf4 {
ChessTatour resigns} 0-1

[Event "ICS rated blitz match"]
[Site "207.99.83.227"]
[Date "1999.05.19"]
[Round "?"]
[White "Hossa"]
[Black "iva"]
[Result "1-0"]
[WhiteElo "2458"]
[BlackElo "2132"]
[PlyCount "77"]

1. e3 e5 2. e4 Nf6 3. f4 Nxe4 4. Qf3 d5 5. d3 Nc5 6. fxe5 Nc6 7. Bf4 Ne6 8. Ne2
Bc5 9. Nbc3 Ncd4 10. Nxd4 Nxd4 11. Qd1 O-O 12. Qd2 f6 13. O-O-O fxe5 14. Bxe5
Rf2 15. Ne2 Bg4 16. Bxd4 Bxd4 17. c3 Bxe2 18. cxd4 Bxd1 19. Qxf2 Bh5 20. Qf5
Bg6 21. Qe6+ Bf7 22. Qe5 Qd7 23. Qf4 Re8 24. b3 Qe7 25. Kb2 a5 26. a3 Bg6 27.
g4 c6 28. Qf2 Rf8 29. Qd2 Qf6 30. Qe3 Re8 31. g5 Qf7 32. Qd2 Qf3 33. Rg1 b6 34.
b4 axb4 35. axb4 Qf8 36. h4 Qd6 37. Bh3 c5 38. bxc5 b5 39. cxd6 {iva resigns}
1-0

[Event "ICS rated blitz match"]
[Site "207.99.83.227"]
[Date "1999.05.19"]
[Round "?"]
[White "cayest"]
[Black "Hossa"]
[Result "0-1"]
[WhiteElo "2069"]
[BlackElo "2462"]
[PlyCount "24"]

1. e4 g6 2. d4 Bg7 3. Nc3 d6 4. Nge2 Nf6 5. f3 Nbd7 6. Be3 e5 7. d5 O-O 8. Qd2
Nb6 9. Bh6 Nc4 10. Qc1 Bxh6 11. Qxh6 Nxb2 12. Ng3 12... c6 {cayest resigns} 0-1

[Event "ICS rated blitz match"]
[Site "207.99.83.227"]
[Date "1999.05.19"]
[Round "?"]
[White "Hossa"]
[Black "sega"]
[Result "1-0"]
[WhiteElo "2465"]
[BlackElo "2093"]
[PlyCount "59"]

1. Nf3 d6 2. d4 f5 3. e3 Nf6 4. Bb5+ c6 5. Bc4 g6 6. O-O Bg7 7. Bd2 d5 8. Be2
O-O 9. c4 e6 10. Bb4 Re8 11. b3 b6 12. Ne5 Bb7 13. Nd2 Nbd7 14. f4 Nxe5 15.
fxe5 Nd7 16. Qe1 c5 17. Bc3 Rf8 18. Qg3 Rc8 19. Rae1 Bh6 20. a4 a5 21. Rf2 Qg5
22. Qxg5 Bxg5 23. Bd1 f4 24. Bg4 Rce8 25. cxd5 Bxd5 26. e4 Bb7 27. Nf3 Bh6 28.
d5 Kf7 29. Rd1 Re7 30. dxe6+ {sega resigns} 1-0

[Event "ICS rated blitz match"]
[Site "207.99.83.227"]
[Date "1999.05.19"]
[Round "?"]
[White "iva"]
[Black "Hossa"]
[Result "1-0"]
[WhiteElo "2122"]
[BlackElo "2478"]
[PlyCount "111"]

1. e4 c5 2. Nf3 a6 3. c3 Nc6 4. d4 cxd4 5. cxd4 e6 6. d5 exd5 7. exd5 Nb4 8. a3
Qa5 9. Nc3 Ne7 10. Bc4 b5 11. Bb3 Bb7 12. O-O Rc8 13. d6 Nbc6 14. dxe7 Bxe7 15.
Nd5 Qd8 16. Re1 O-O 17. Nxe7+ Nxe7 18. Bg5 Re8 19. Nd4 h6 20. Qh5 d5 21. Bh4
Qb6 22. Rad1 Ng6 23. Rxe8+ Rxe8 24. Nf3 Nxh4 25. Qxh4 Qg6 26. Qd4 Rd8 27. h3
Qd6 28. Re1 Rc8 29. Ne5 Re8 30. Nf3 Rc8 31. g3 Qd7 32. Kh2 Qf5 33. Nh4 Qd7 34.
Re5 Kh8 35. Rh5 b4 36. Rxh6+ Kg8 37. Rh5 bxa3 38. bxa3 Re8 39. Rg5 f6 40. Rg4
Bc6 41. Bc2 Re2 42. Bd3 Re5 43. Ng6 Re8 44. Nf4 Qd6 45. Nh5 Kf8 46. Nxg7 Re5
47. Nf5 Qxa3 48. Qf4 Qxd3 49. Qh6+ Kf7 50. Qg7+ Ke6 51. Qe7+ Kxf5 52. Rf4+ Kg6
53. Qxf6+ Kh7 54. Rh4+ Rh5 55. Rxh5+ Kg8 56. Rh8# {Hossa checkmated} 1-0

[Event "ICS rated blitz match"]
[Site "207.99.83.227"]
[Date "1999.05.19"]
[Round "?"]
[White "Hossa"]
[Black "Moschino"]
[Result "1/2-1/2"]
[WhiteElo "2455"]
[BlackElo "2105"]
[PlyCount "107"]

1. c4 e5 2. Nc3 Nf6 3. Nf3 Nc6 4. g3 Bb4 5. Bg2 O-O 6. O-O Re8 7. d3 Bxc3 8.
bxc3 e4 9. dxe4 Nxe4 10. Qc2 d6 11. Nd4 Nxd4 12. cxd4 Bf5 13. Qb2 Rb8 14. Qa3
a6 15. Qa5 c5 16. Qxd8 Rbxd8 17. f3 Nc3 18. e4 Bc8 19. Bb2 cxd4 20. Bxc3 dxc3
21. Rac1 f5 22. Rxc3 fxe4 23. fxe4 Bd7 24. c5 dxc5 25. Rxc5 Bc6 26. Re1 Rd2 27.
a3 Ra2 28. Ra5 Rd8 29. Bf1 Rc2 30. h4 Rdd2 31. Re3 Rc1 32. Rf5 g6 33. Rf2 Rdd1
34. Kg2 Re1 35. Rxe1 Rxe1 36. Bc4+ Kg7 37. Rf7+ Kh6 38. Bd5 Re3 39. Bxc6 bxc6
40. Rf6 Rxe4 41. Rxc6 Ra4 42. Rc3 Kh5 43. Kf3 g5 44. hxg5 Kxg5 45. Re3 h5 46.
Re5+ Kg6 47. Re3 Kf5 48. Kf2 Kg4 49. Kg2 Rc4 50. Re2 Ra4 51. Re3 Rc4 52. Re2
Ra4 53. Re3 Rc4 54. Re2 {Game drawn by repetition} 1/2-1/2